Estatísticas para Conhecimentos sobre a política Brasileira

Clique aqui para jogar o quiz

Estatísticas Gerais

  • Esse quiz foi jogado 65 vezes
  • A pontuação média é 5 de 7

Estatísticas das Respostas

QuestãoResposta% Correto
Qual o poder responsável pela administração pública, chefiado pelo Presidente da República?Poder Executivo
86%
Qual é a função do Tribunal de Contas da União (TCU) no sistema político brasileiro?Fiscalizar as contas públicas
83%
Quem é responsável por aprovar as leis no Congresso Nacional brasileiro?Congresso em conjunto (Câmara dos Deputados e Senado Federal)
80%
Qual é o papel do Tribunal Superior Eleitoral (TSE) no sistema político brasileiro?Organizar e supervisionar as eleições
76%
Auxiliam o Presidente da República na condução das políticas públicas em diversas áreas, como saúde, educação, economia, entre outras.Ministro de Estado
66%
Quem tem o poder de iniciar o processo de impeachment do Presidente da República no Brasil?Câmara dos Deputados
56%
Qual é a idade mínima para se candidatar a Presidente da República no Brasil?40 anos
14%

Distribuição das Pontuações

Percentil de Números Respondidos

Porcentagem de Pessoas com Cada Pontuação

Sua Pontuação Histórica

Você não jogou esse quiz